Normal view
MARC view
- Purkail , N N
Entry Personal Name
001 - CONTROL NUMBER
- control field: 6754
003 - CONTROL NUMBER IDENTIFIER
- control field: OSt
005 - DATE AND TIME OF LATEST TRANSACTION
- control field: 20250104150326.0
008 - FIXED-LENGTH DATA ELEMENTS
- fixed length control field: 250104|| aca||aabn | a|a d
040 ## - CATALOGING SOURCE
- Original cataloging agency: OSt
- Transcribing agency: OSt
100 ## - HEADING--PERSONAL NAME
- Personal name: Purkail , N N
670 ## - SOURCE DATA FOUND
- Source citation: Work cat.: (OSt)2029: Chattopadhyay, D . 6750, Foundations of Electronics / , 1997.
